| 000 | 00791nam a2200217 a 4500 | ||
|---|---|---|---|
| 001 | BRCA_841 | ||
| 005 | 20190320203155.0 | ||
| 008 | 981222s1997 sp-a---##b---#000-0#spa-d | ||
| 020 | _a8489162859 | ||
| 050 | 4 |
_aNK7139 _b.E88 1997 |
|
| 100 | 1 |
_aEsteras Martín, Cristina _92800 |
|
| 245 | 1 | 0 |
_aPlatería del Perú virreinal, 1535-1825 _cCristina Esteras Martín. |
| 260 |
_aMadrid _bGrupo BBV _c1997 |
||
| 300 |
_a341 p. _bil. a color _c30 cm. |
||
| 500 | _aCatálogo de la exposición realizada en el Banco Bilbao Vizcaya, Sala de Madrid, y en el Museo de Arte de Lima, 1997 | ||
| 504 | _aBibliografía: p. 337-341 | ||
| 650 | 1 | 4 |
_aPlatería virreinal _vExposiciones _y1535-1825 _zPerú _92801 |
| 710 | 2 |
_aBanco Bilbao Vizcaya _92802 |
|
| 710 | 2 |
_aMuseo de Arte de Lima _92803 |
|
| 942 |
_2lcc _cB |
||
| 999 |
_c736 _d736 |
||